[Event "Rilton Cup 45th"]
[Site "Stockholm"]
[Date "2015.12.30"]
[Round "4"]
[White "Low, Zhen Yu Cyrus"]
[Black "Norlin, Egor"]
[Result "0-1"]
[WhiteElo "2256"]
[BlackElo "2084"]
[PlyCount "142"]
[EventDate "2015.12.27"]
[EventType "swiss"]
[EventRounds "9"]
[EventCountry "SWE"]
[SourceTitle "CBM 170 Extra"]
[Source "ChessBase"]
[SourceDate "2016.02.25"]
[SourceVersion "1"]
[SourceVersionDate "2016.02.25"]
[SourceQuality "1"]

1. e4 e6 2. d4 d5 3. Nd2 Nf6 4. e5 Nfd7 5. f4 c5 6. Ngf3 Nc6 7. c3 f6 8. Nb3 c4 9. Nbd2 b5 10. Be2 Qb6 11. Nf1 Be7 12. Ne3 f5 13. h4 Nf8 14. h5 Bd7 15. Ng5 h6 16. Nh3 0-0-0 17. Rg1 g5 18. hxg6 Nxg6 19. g4 Bh4+ 20. Kf1 Nce7 21. gxf5 exf5 22. Bf3 Be6 23. b3 Rhg8 24. Ba3 Nc6 25. Bc5 Qa5 26. b4 Qa3 27. Qc2 Nge7 28. Ke2 Kd7 29. Rxg8 Rxg8 30. Rg1 Rxg1 31. Nxg1 Ng6 32. Nh3 Nce7 33. Bh5 Bg3 34. Bxg6 Nxg6 35. Nxf5 Nxf4+ 36. Nxf4 Bxf4 37. Kf3 Qc1 38. Qxc1 Bxc1 39. Ng3 Bd2 40. Ne2 a6 41. Kg3 Be1+ 42. Kf3 h5 43. Nf4 h4 44. Ng2 Bg3 45. Ne3 Be1 46. Ng2 Bg3 47. Ne3 Ke8 48. Ng2 Bf5 49. Nf4 Bxf4 50. Kxf4 Be6 51. Bb6 Kf7 52. Bd8 h3 53. Kg3 Kg6 54. Bh4 Kf5 55. Kxh3 Ke4+ 56. Kg2 Kd3 57. Be1 Ke2 58. Bf2 Kd2 59. Kf3 Kxc3 60. Kf4 Kd3 61. Be3 c3 62. a3 c2 63. Kf3 Bd7 64. Kf4 Bc8 65. Kf3 Kc3 66. Kf4 Kb2 67. Kg5 c1Q 68. Bxc1+ Kxc1 69. Kf6 Kd2 70. e6 Kc3 71. Ke5 Bxe6 0-1

[Event "Rilton Cup 44th"]
[Site "Stockholm"]
[Date "2015.01.03"]
[Round "7"]
[White "Norlin, Egor"]
[Black "Wallace, John Paul"]
[Result "0-1"]
[WhiteElo "2186"]
[BlackElo "2404"]
[PlyCount "40"]
[EventDate "2014.12.27"]
[EventType "swiss"]
[EventRounds "9"]
[EventCountry "SWE"]
[SourceTitle "CBM 164 Extra"]
[Source "ChessBase"]
[SourceDate "2015.03.02"]
[SourceVersion "1"]
[SourceVersionDate "2015.03.02"]
[SourceQuality "1"]

1. d4 Nf6 2. c4 g6 3. Nc3 Bg7 4. e4 d6 5. Nf3 0-0 6. Be2 Na6 7. 0-0 e5 8. Re1 exd4 9. Nxd4 Re8 10. f3 c6 11. Kh1 Nh5 12. g4 Qh4 13. gxh5 Be5 14. f4 Bxd4 15. Bf3 Nc5 16. Re2 Bxc3 17. bxc3 Bg4 18. Rg2 Bxf3 19. Qxf3 Qe1+ 20. Rg1 Qxe4 0-1

[Event "Rilton Cup 44th"]
[Site "Stockholm"]
[Date "2015.01.01"]
[Round "5"]
[White "Norlin, Egor"]
[Black "Henriksson, Johan"]
[Result "1/2-1/2"]
[WhiteElo "2186"]
[BlackElo "2267"]
[PlyCount "49"]
[EventDate "2014.12.27"]
[EventType "swiss"]
[EventRounds "9"]
[EventCountry "SWE"]
[SourceTitle "CBM 164 Extra"]
[Source "ChessBase"]
[SourceDate "2015.03.02"]
[SourceVersion "1"]
[SourceVersionDate "2015.03.02"]
[SourceQuality "1"]

1. d4 c6 2. c4 d5 3. Nc3 Nf6 4. e3 g6 5. Nf3 Bg7 6. cxd5 cxd5 7. Bb5+ Bd7 8. Bxd7+ Nbxd7 9. Qb3 Nb6 10. 0-0 0-0 11. Na4 Nxa4 12. Qxa4 Ne4 13. Bd2 Nxd2 14. Nxd2 Qb6 15. Nb3 e5 16. Rfd1 Rfd8 17. Rac1 exd4 18. Nxd4 Rac8 19. b3 Bxd4 20. Qxd4 Qxd4 21. exd4 Kf8 22. Kf1 Ke7 23. Ke2 Kd6 24. Rxc8 Rxc8 25. Kd3 1/2-1/2

[Event "Rilton Cup 44th"]
[Site "Stockholm"]
[Date "2014.12.30"]
[Round "4"]
[White "Percivaldi, Martin"]
[Black "Norlin, Egor"]
[Result "1-0"]
[WhiteElo "2319"]
[BlackElo "2186"]
[PlyCount "43"]
[EventDate "2014.12.27"]
[EventType "swiss"]
[EventRounds "9"]
[EventCountry "SWE"]
[SourceTitle "CBM 164 Extra"]
[Source "ChessBase"]
[SourceDate "2015.03.02"]
[SourceVersion "1"]
[SourceVersionDate "2015.03.02"]
[SourceQuality "1"]

1. d4 e6 2. c4 Nf6 3. g3 d5 4. Nf3 dxc4 5. Bg2 a6 6. 0-0 b5 7. Ne5 Nd5 8. a4 Bb7 9. Nc3 Nxc3 10. bxc3 Bxg2 11. Kxg2 c6 12. e4 Bd6 13. Qg4 g6 14. Qf3 f6 15. Ng4 Be7 16. axb5 cxb5 17. e5 Nd7 18. exf6 Nxf6 19. Qc6+ Kf7 20. Ne5+ Kg7 21. Bh6+ Kxh6 22. Nf7+ 1-0

[Event "Rilton Cup 44th"]
[Site "Stockholm"]
[Date "2014.12.28"]
[Round "2"]
[White "Bellia, Fabrizio"]
[Black "Norlin, Egor"]
[Result "1/2-1/2"]
[WhiteElo "2420"]
[BlackElo "2186"]
[PlyCount "175"]
[EventDate "2014.12.27"]
[EventType "swiss"]
[EventRounds "9"]
[EventCountry "SWE"]
[SourceTitle "CBM 164 Extra"]
[Source "ChessBase"]
[SourceDate "2015.03.02"]
[SourceVersion "1"]
[SourceVersionDate "2015.03.02"]
[SourceQuality "1"]

1. e4 e6 2. d4 d5 3. Nd2 Nf6 4. e5 Nfd7 5. Bd3 c5 6. c3 Nc6 7. Ne2 cxd4 8. cxd4 f6 9. exf6 Qxf6 10. Nf3 h6 11. 0-0 Bd6 12. a3 0-0 13. Bc2 Rf7 14. Ng3 Nf8 15. Nh5 Qd8 16. Re1 Bd7 17. Ne5 Nxe5 18. dxe5 Bc5 19. Be3 Rc8 20. Bxc5 Rxc5 21. Rc1 Qb6 22. Qd2 Be8 23. Bd3 Rxc1 24. Rxc1 Rc7 25. Ng3 Rxc1+ 26. Qxc1 Qd4 27. Qc3 Qxc3 28. bxc3 Bg6 29. Be2 Nd7 30. f4 Kf7 31. Kf2 Ke7 32. Ke3 Nc5 33. c4 dxc4 34. Bxc4 Nd7 35. Ne2 Nb6 36. Bb3 Be8 37. Nd4 Bd7 38. g4 g6 39. h3 a6 40. Kd3 Nc8 41. Kc4 b6 42. Bc2 Kf7 43. Be4 Na7 44. Bb7 a5 45. Be4 Bc8 46. f5 gxf5 47. gxf5 exf5 48. Bxf5 Bxf5 49. Nxf5 Ke6 50. Nxh6 Kxe5 51. Ng4+ Kf4 52. Nf6 Kg3 53. Nd5 Nc8 54. Nc3 Kxh3 55. a4 Kg4 56. Kb5 Nd6+ 57. Kc6 Nc4 58. Nd1 Kf3 59. Kb5 Na3+ 60. Kxb6 Ke2 61. Kxa5 Kd3 62. Kb4 Nc2+ 63. Kb5 Nd4+ 64. Kc5 Nb3+ 65. Kb4 Nd4 66. Nb2+ Ke4 67. Kc5 Nb3+ 68. Kb4 Nd4 69. Kc4 Nc6 70. Kc5 Nd4 71. Nc4 Nb3+ 72. Kb4 Nd4 73. Nb6 Ke5 74. Kc5 Nb3+ 75. Kc4 Na5+ 76. Kc5 Ke6 77. Kb5 Nb3 78. Kc4 Na5+ 79. Kb4 Nb7 80. Kb5 Kd6 81. Na8 Kd7 82. Kb6 Kc8 83. Nc7 Nc5 84. a5 Nd7+ 85. Kc6 Ne5+ 86. Kb6 Nc4+ 87. Kb5 Nxa5 88. Kxa5 1/2-1/2

[Event "Vasteras op"]
[Site "Vasteras"]
[Date "2014.09.26"]
[Round "3"]
[White "Akesson, Ralf"]
[Black "Norlin, Egor"]
[Result "1-0"]
[WhiteElo "2471"]
[BlackElo "2177"]
[PlyCount "63"]
[EventDate "2014.09.26"]
[EventType "swiss"]
[EventRounds "8"]
[EventCountry "SWE"]
[SourceTitle "CBM 162 Extra"]
[Source "ChessBase"]
[SourceDate "2014.10.17"]
[SourceVersion "1"]
[SourceVersionDate "2014.10.17"]
[SourceQuality "1"]

1. d4 e6 2. c4 Nf6 3. Nc3 Bb4 4. Qc2 0-0 5. a3 Bxc3+ 6. Qxc3 Ne4 7. Qc2 f5 8. Nh3 b6 9. f3 Nf6 10. e3 Bb7 11. Bd3 d6 12. 0-0 Nbd7 13. b4 c5 14. Bb2 Qe7 15. Rae1 Rac8 16. bxc5 dxc5 17. d5 exd5 18. Bxf5 dxc4 19. e4 c3 20. Bxc3 g6 21. e5 Nd5 22. Be4 Rc7 23. Bd2 Qxe5 24. Ng5 N7f6 25. Bxd5+ Qxd5 26. Ne6 Rfc8 27. Nxc7 Rxc7 28. Bc3 Kf7 29. Rd1 Qg5 30. Bxf6 Qxf6 31. Qc4+ Qe6 32. Qf4+ 1-0

[Event "Stockholm op 08"]
[Site "Stockholm"]
[Date "2014.08.23"]
[Round "8"]
[White "Ask, Josef"]
[Black "Norlin, Egor"]
[Result "1-0"]
[WhiteElo "2153"]
[BlackElo "2184"]
[PlyCount "43"]
[EventDate "2014.08.18"]
[EventType "swiss"]
[EventRounds "9"]
[EventCountry "SWE"]
[SourceTitle "CBM 161 Extra"]
[Source "ChessBase"]
[SourceDate "2014.08.29"]
[SourceVersion "1"]
[SourceVersionDate "2014.08.29"]
[SourceQuality "1"]

1. e4 e6 2. d3 d5 3. Nd2 c5 4. Ngf3 Nc6 5. g3 Nf6 6. Bg2 Be7 7. 0-0 0-0 8. exd5 Nxd5 9. Re1 Qc7 10. Nb3 b6 11. c4 Nf6 12. Bf4 Bd6 13. Bxd6 Qxd6 14. d4 Rb8 15. dxc5 Qxd1 16. Raxd1 bxc5 17. Ne5 Nxe5 18. Rxe5 Nd7 19. Re2 Nb6 20. Nxc5 Nxc4 21. b3 Rb5 22. Nd7 1-0

[Event "Stockholm op 08"]
[Site "Stockholm"]
[Date "2014.08.19"]
[Round "4"]
[White "Cederstam Barsk, Carl"]
[Black "Norlin, Egor"]
[Result "1-0"]
[WhiteElo "2327"]
[BlackElo "2184"]
[PlyCount "33"]
[EventDate "2014.08.18"]
[EventType "swiss"]
[EventRounds "9"]
[EventCountry "SWE"]
[SourceTitle "CBM 161 Extra"]
[Source "ChessBase"]
[SourceDate "2014.08.29"]
[SourceVersion "1"]
[SourceVersionDate "2014.08.29"]
[SourceQuality "1"]

1. Nf3 Nf6 2. c4 g6 3. d4 Bg7 4. Nc3 d6 5. e4 0-0 6. Be2 e5 7. 0-0 exd4 8. Nxd4 Re8 9. f3 c6 10. Kh1 Na6 11. Nb3 Be6 12. Bg5 h6 13. Bh4 g5 14. Bf2 d5 15. exd5 cxd5 16. c5 Nd7 17. c6 1-0

[Event "Rilton Cup 43rd"]
[Site "Stockholm"]
[Date "2014.01.05"]
[Round "9"]
[White "Marzano, Carlo"]
[Black "Norlin, Egor"]
[Result "1/2-1/2"]
[WhiteElo "2166"]
[BlackElo "2125"]
[PlyCount "53"]
[EventDate "2013.12.27"]
[EventType "swiss"]
[EventRounds "9"]
[EventCountry "SWE"]
[SourceTitle "CBM 158 Extra"]
[Source "ChessBase"]
[SourceDate "2014.02.28"]
[SourceVersion "1"]
[SourceVersionDate "2014.02.28"]
[SourceQuality "1"]

1. Nf3 Nf6 2. d4 e6 3. Bg5 Be7 4. Nbd2 d5 5. e3 0-0 6. Bd3 b6 7. c3 Bb7 8. Ne5 Nbd7 9. Qf3 Nxe5 10. dxe5 Nd7 11. Bf4 Nc5 12. Bc2 Ba6 13. h4 Bd3 14. 0-0-0 Bxc2 15. Kxc2 Qd7 16. h5 f6 17. Qg3 f5 18. f3 a5 19. Qh3 a4 20. g4 Qb5 21. Qf1 Qxf1 22. Rdxf1 fxg4 23. fxg4 c6 24. Nf3 Nb7 25. Rhg1 c5 26. Rg2 Na5 27. Re1 1/2-1/2

[Event "Rilton Cup 43rd"]
[Site "Stockholm"]
[Date "2014.01.01"]
[Round "5"]
[White "Norlin, Egor"]
[Black "Englert, Fabian"]
[Result "0-1"]
[WhiteElo "2125"]
[BlackElo "2316"]
[PlyCount "94"]
[EventDate "2013.12.27"]
[EventType "swiss"]
[EventRounds "9"]
[EventCountry "SWE"]
[SourceTitle "CBM 158 Extra"]
[Source "ChessBase"]
[SourceDate "2014.02.28"]
[SourceVersion "1"]
[SourceVersionDate "2014.02.28"]
[SourceQuality "1"]

1. d4 Nf6 2. c4 c5 3. d5 b5 4. a4 Qa5+ 5. Bd2 b4 6. Qc2 g6 7. e4 d6 8. Bd3 Bg7 9. h3 0-0 10. Nf3 Qc7 11. 0-0 e5 12. dxe6 fxe6 13. Be3 e5 14. Nbd2 Nc6 15. b3 Nh5 16. Rfe1 Nf4 17. Bf1 Qe7 18. Kh2 g5 19. g3 Ne6 20. Bg2 Bd7 21. Qd3 Rf7 22. Ng1 Raf8 23. f3 h5 24. Rf1 Ncd4 25. Rab1 Qf6 26. Ne2 Qg6 27. Bxd4 exd4 28. Kg1 Be5 29. Rfe1 Qf6 30. Nf1 Nd8 31. Nc1 Nc6 32. Rb2 Qd8 33. Ra2 Qc8 34. g4 Bf4 35. Qe2 Ne5 36. Nd3 Be6 37. Nxe5 Bxe5 38. Rd2 hxg4 39. hxg4 Qd8 40. Rd3 Qf6 41. Red1 Rh7 42. Qe1 Qh6 43. Kf2 Bxg4 44. Ke2 Bh5 45. Ng3 g4 46. Nxh5 Qxh5 47. Kd2 gxf3 0-1

[Event "Rilton Cup 43rd"]
[Site "Stockholm"]
[Date "2013.12.30"]
[Round "4"]
[White "Norlin, Egor"]
[Black "Luukkonen, Tommi"]
[Result "0-1"]
[WhiteElo "2125"]
[BlackElo "2285"]
[PlyCount "102"]
[EventDate "2013.12.27"]
[EventType "swiss"]
[EventRounds "9"]
[EventCountry "SWE"]
[SourceTitle "CBM 158 Extra"]
[Source "ChessBase"]
[SourceDate "2014.02.28"]
[SourceVersion "1"]
[SourceVersionDate "2014.02.28"]
[SourceQuality "1"]

1. d4 Nf6 2. c4 g6 3. Nc3 Bg7 4. e4 0-0 5. Nf3 d6 6. Be2 e5 7. 0-0 Nc6 8. d5 Ne7 9. b4 Nh5 10. c5 Nf4 11. Bxf4 exf4 12. Rc1 h6 13. Nd4 c6 14. Bc4 a5 15. a3 axb4 16. axb4 g5 17. Nb3 dxc5 18. bxc5 Ng6 19. d6 Ne5 20. Be2 g4 21. Nd4 Qg5 22. f3 gxf3 23. Nxf3 Nxf3+ 24. Rxf3 Qxc5+ 25. Kh1 Rd8 26. Rd3 Ra3 27. d7 Bxd7 28. Rxd7 Rxd7 29. Qxd7 Rxc3 30. Rxc3 Qxc3 31. Qc8+ Bf8 32. Qg4+ Qg7 33. Qxf4 Qg5 34. Qxg5+ hxg5 35. Kg1 Bc5+ 36. Kf1 Kg7 37. Ke1 Kf6 38. Kd2 Ke5 39. Kd3 b5 40. Bh5 f6 41. Be8 Kd6 42. g3 g4 43. Bh5 Bg1 44. Bxg4 Bxh2 45. Bh5 Bxg3 46. Be8 Be5 47. Kc2 Kc7 48. Kb3 Kb6 49. Bd7 c5 50. Be6 c4+ 51. Kc2 Kc5 0-1

[Event "Rilton Cup 42nd"]
[Site "Stockholm"]
[Date "2013.01.04"]
[Round "8"]
[White "Jacobsen, Bo"]
[Black "Norlin, Egor"]
[Result "1-0"]
[WhiteElo "2319"]
[BlackElo "2112"]
[PlyCount "75"]
[EventDate "2012.12.27"]
[EventType "swiss"]
[EventRounds "9"]
[EventCountry "SWE"]
[SourceTitle "CBM 152 Extra"]
[Source "ChessBase"]
[SourceDate "2013.02.25"]
[SourceVersion "1"]
[SourceVersionDate "2013.02.25"]
[SourceQuality "1"]

1. c4 c6 2. g3 Nf6 3. Nf3 d5 4. Bg2 g6 5. b3 Bg7 6. Bb2 0-0 7. Qc2 Nbd7 8. d3 Re8 9. Ne5 Nxe5 10. Bxe5 dxc4 11. bxc4 Qa5+ 12. Qc3 Qxc3+ 13. Nxc3 Bd7 14. 0-0 Ng4 15. Bxg7 Kxg7 16. Rfb1 Rab8 17. a4 b6 18. Rb2 Rec8 19. Rab1 Be8 20. Bh3 f5 21. Bxg4 fxg4 22. Kf1 Rc7 23. Ke1 b5 24. axb5 cxb5 25. Kd2 a6 26. cxb5 axb5 27. Rb4 h5 28. Ra1 Rbc8 29. Nd5 Rc2+ 30. Ke3 Bc6 31. Nxe7 Re8 32. Ra7 g5 33. Kd4 Rd8+ 34. Nd5+ Kg6 35. e4 Rxf2 36. Ra6 Rf6 37. Rxb5 Bxd5 38. Rxf6+ 1-0

[Event "Rilton Cup 42nd"]
[Site "Stockholm"]
[Date "2013.01.02"]
[Round "6"]
[White "Norlin, Egor"]
[Black "Kolbus, Dietmar"]
[Result "1/2-1/2"]
[WhiteElo "2112"]
[BlackElo "2302"]
[PlyCount "126"]
[EventDate "2012.12.27"]
[EventType "swiss"]
[EventRounds "9"]
[EventCountry "SWE"]
[SourceTitle "CBM 152 Extra"]
[Source "ChessBase"]
[SourceDate "2013.02.25"]
[SourceVersion "1"]
[SourceVersionDate "2013.02.25"]
[SourceQuality "1"]

1. d4 Nf6 2. c4 g6 3. Nc3 d5 4. cxd5 Nxd5 5. e4 Nxc3 6. bxc3 Bg7 7. Nf3 0-0 8. Be3 c5 9. Be2 b6 10. 0-0 Bd7 11. Qc2 cxd4 12. cxd4 Qc8 13. Qxc8 Rxc8 14. Rac1 Nc6 15. Bc4 e6 16. Rfd1 Na5 17. Bd3 Rxc1 18. Rxc1 Rc8 19. Rxc8+ Bxc8 20. Kf1 Bb7 21. Ke2 Kf8 22. Ne1 Nc6 23. Nc2 Ke8 24. f3 Kd7 25. Kd2 Bf8 26. Kc3 Bd6 27. h3 Kc7 28. Bc4 Na5 29. Bd3 Bg3 30. Kd2 Kd6 31. Na3 Kd7 32. Nb5 Bb8 33. Na3 Nc6 34. Nc2 Bd6 35. Kc3 Nb8 36. Bb5+ Bc6 37. Bd3 Ba4 38. Be2 Nc6 39. Bf2 f5 40. Be3 Ne7 41. Bd3 Bg3 42. Na3 Be1+ 43. Bd2 Bf2 44. Bc2 Bxc2 45. Nxc2 fxe4 46. fxe4 Nc8 47. Kd3 Nd6 48. Na3 Kc6 49. Bb4 Bg3 50. Nc4 Nxc4 51. Kxc4 b5+ 52. Kd3 a6 53. Bf8 Bc7 54. g4 Bb6 55. Bh6 Bd8 56. Bf8 Bg5 57. Bb4 Bf4 58. Bf8 Bg3 59. Bb4 Bf2 60. Be7 Kd7 61. Bb4 Kc6 62. Be7 Be1 63. Bf8 Bf2 1/2-1/2

[Event "Nordic School-ch U15"]
[Site "Espoo"]
[Date "2012.02.18"]
[Round "3"]
[White "Norlin, Egor"]
[Black "Ragnarsson, Dagur"]
[Result "1-0"]
[WhiteElo "2005"]
[BlackElo "1826"]
[PlyCount "145"]
[EventDate "2012.02.17"]
[EventType "swiss"]
[EventRounds "6"]
[EventCountry "FIN"]
[SourceTitle "EXT 2022"]
[Source "ChessBase"]
[SourceDate "2021.10.06"]
[SourceVersion "1"]
[SourceVersionDate "2021.10.06"]
[SourceQuality "1"]

1. d4 e6 2. c4 d5 3. Nc3 Nf6 4. cxd5 exd5 5. Bg5 Be7 6. e3 c6 7. Bd3 0-0 8. Qc2 Nbd7 9. Nf3 Re8 10. 0-0 Nf8 11. Rab1 Be6 12. b4 N6d7 13. Bf4 Ng6 14. Bg3 b6 15. Na4 Qc8 16. Rfc1 b5 17. Nc5 Nxc5 18. bxc5 a5 19. a4 b4 20. Nd2 f5 21. Nb3 Bd8 22. f3 Ra7 23. Re1 Bf6 24. Bf2 Ne7 25. Nc1 Kh8 26. Ne2 g6 27. Nf4 Bf7 28. Bf1 Ng8 29. Nd3 Bg7 30. Bg3 Nf6 31. Be5 Rae7 32. Qd2 g5 33. Bd6 Ra7 34. Ne5 Bg6 35. Nxg6+ hxg6 36. Be5 Rae7 37. e4 fxe4 38. Qxg5 Qf5 39. Qh4+ Qh5 40. Bxf6 Qxh4 41. Bxh4 Bxd4+ 42. Kh1 Rh7 43. Bg3 Bc3 44. Red1 e3 45. Be2 d4 46. Rd3 Rh5 47. Bd6 Rd5 48. g3 Rd8 49. Kg2 R5xd6 50. cxd6 Rxd6 51. Kf1 c5 52. Rdd1 Bd2 53. Bd3 Rc6 54. Bc4 d3 55. Bxd3 c4 56. Be4 Rb6 57. Ke2 c3 58. Bc2 Kg7 59. f4 Kf6 60. Rf1 Rb8 61. h4 Rb7 62. g4 Rh7 63. h5 Rh8 64. g5+ Ke6 65. h6 Rb8 66. h7 Kd5 67. Rh1 Rh8 68. f5 gxf5 69. g6 f4 70. Rh5+ Kd4 71. g7 f3+ 72. Kxf3 Rf8+ 73. gxf8Q 1-0

[Event "Stockholm Elo-Challenge"]
[Site "Stockholm"]
[Date "2012.??.??"]
[Round "6"]
[White "Cederstam Barsk, Carl"]
[Black "Norlin, Egor"]
[Result "1-0"]
[WhiteElo "2129"]
[BlackElo "1999"]
[PlyCount "59"]
[EventDate "2012.05.16"]
[EventType "swiss"]
[EventRounds "9"]
[EventCountry "SWE"]
[SourceTitle "EXT 2024"]
[Source "ChessBase"]
[SourceDate "2023.10.10"]
[SourceVersion "1"]
[SourceVersionDate "2023.10.10"]
[SourceQuality "1"]

1. d4 e6 2. c4 Nf6 3. g3 d5 4. Nf3 dxc4 5. Bg2 a6 6. Ne5 Nd5 7. Nxc4 b5 8. Ne3 Bb7 9. Nxd5 Bxd5 10. e4 Bb7 11. 0-0 g6 12. Nc3 Bg7 13. Be3 0-0 14. Qd2 Nd7 15. Rfd1 Nf6 16. Bg5 Qc8 17. a3 c5 18. dxc5 Ng4 19. Be7 Re8 20. Bd6 Ne5 21. b3 Rd8 22. f4 Nc6 23. e5 Na5 24. Rab1 Bxg2 25. Qxg2 Qc6 26. Ne4 Rac8 27. Rd3 Nb7 28. b4 Nxd6 29. Nxd6 Qxg2+ 30. Kxg2 1-0